Obálka Náhled e-knihy:
PDF Epub
Pro půjčování e-knih musíte být přihlášeni.
Jak si půjčit online?

Star Wars. Darth Plagueis /

Další kniha ze sci-fi série tentokrát zobrazující temnou stranu Síly.

Uloženo v:
Hlavní autor: Luceno, James, 1947- (Autor)
Další autoři: Jelínková Babuláková, Petra, 1988- (Autor)
Médium: E-kniha
Jazyk:Czech
Vydáno: V Praze : Egmont, 2019
Vydání:Druhé vydání
Témata:
Tagy:
Žádné tagy
LEADER 02412nam a2200469 i 4500
001 311324
003 CZ PrSKC
005 20260601215703.0
007 ta
008 191014s2019 xr g 000 f cze
015 |a cnb003147948 
020 |a 9788025247594  |q (brožováno) :  |c Kč 299,00 
035 |a (OCoLC)1130277714 
040 |a ABG001  |b cze  |d BOA001  |d ABA001  |e rda 
041 1 |a cze  |h eng 
072 7 |a 821.111(73)-3  |x Americká próza  |2 Konspekt 
080 |a 821.111(73)-31  |2 MRF 
080 |a (0:82-311.9)  |2 MRF 
100 1 |a Luceno, James,  |d 1947-  |7 mzk2005286603  |4 aut 
240 1 0 |a Darth Plagueis.  |l Česky 
245 1 0 |a Star Wars.  |p Darth Plagueis /  |c James Luceno ; z anglického originálu Star Wars - Darth Plagueis přeložila Petra Babuláková 
246 3 0 |a Darth Plagueis 
250 |a Druhé vydání 
264 1 |a V Praze :  |b Egmont,  |c 2019 
300 |a 358 stran ;  |c 18 cm 
336 |a text  |b txt  |2 rdacontent 
337 |a bez média  |b n  |2 rdamedia 
338 |a svazek  |b nc  |2 rdacarrier 
520 2 |a Další kniha ze sci-fi série tentokrát zobrazující temnou stranu Síly.  |b Příběh nás seznamuje s příslušníkem temné strany Síly, a to Darth Plagueisem, jedním z nejnadanějších sithských lordů, který je na veřejnosti znám jako Magistr Damaska. Jeho učněm je Darth Sidious, jenž na veřejnosti vystupuje pod jménem Dantuise Palapatine. Sledujeme jejich cesty, jak se seznámili a co udělali k posílení své moci. Postupně vidíme, jak se z Palapatina stává kancléř a později i císař. 
521 8 |a Pro čtenáře od 14 let 
546 |a Český text 
655 7 |a americké romány  |7 fd131796  |2 czenas 
655 7 |a vědecko-fantastické romány  |7 fd133847  |2 czenas 
655 9 |a American fiction  |2 eczenas 
655 9 |a science fiction novels  |2 eczenas 
700 1 |a Jelínková Babuláková, Petra,  |d 1988-  |7 xx0113481  |4 trl 
900 |a ABA001  |b 20 
928 9 |a Albatros Media - Egmont 
044 |a xr 
910 |a RBIT002 
998 |d 317745  |a https://core.palmknihy.cz/api/books/317745/cover?si60dn  |b https://core.palmknihy.cz/api/books/317745/cover/400?si60dn  |c https://core.palmknihy.cz/api/books/317745/cover/50?si60dn  |e 2026-12-31  |g 368  |i 9788025247594  |j https://core.palmknihy.cz/api/books/317745/preview.epub  |k https://core.palmknihy.cz/api/books/317745/preview.pdf  |l   |q 49  |r 1  |s https://www.palmknihy.cz/kniha/317745  |t ebook  |y 2021  |z 0 
999 |d 311322